Statistics for Saint Lucia Country Quiz

Click here to take the quiz!

General Stats

  • This quiz has been taken 6,728 times
    (6,661 since last reset)
  • The average score is 11 of 15

Answer Stats

HintAnswer% Correct
Sea which Saint Lucia bordersCaribbean Sea
99%
Country from which Saint Lucia gained its independence in 1979United Kingdom
96%
... which is part of this larger chainLesser {Antilles}
93%
Currency shared with seven other countries and territoriesEast Caribbean Dollar
91%
Most popular sportCricket
89%
Country just south of Saint LuciaSt. Vincent and the Grenadines
83%
Saint Lucia is the only country to be named after a ...Woman
83%
Fruit which makes up 22% of exportsBanana
83%
On a per-capita basis, Saint Lucia has the most laureates of this prizeNobel Prize
82%
French island, starting with M, that is just north of Saint LuciaMartinique
81%
Capital cityCastries
63%
Saint Lucia is the only country in the Americas which opposed a 2008
UN declaration of rights for these people
LGBT
50%
The national bird is a species of _____ which can only be found on Saint LuciaParrot
45%
Name which the original Arawak inhabitants gave to Saint Lucia
(hint: a reptile)
Land of the {Iguanas}
40%
Island chain that Saint Lucia is part of{Windward} Islands
39%

Score Distribution

Percentile by Number Answered

Percent of People with Each Score

Your Score History

You have not taken this quiz since the last reset